01911nam a2200217 i 450000100060000000300090000600500170001500700030003200800410003524501740007626001220025030000220037249000540039450509390044865000310138771000480141883000620146685200240152899900170155295201240156994197ES-MaACL20250718153524.0t|050630s1957 po ||||1| fre d00aEnquête sur l'anticolonialisme b= Inquiry on anti-colonialism /cMinistério do ultramar, Junta de investiaçoes do Ultramar, Centro de Estudos politicos e sociais. a[Lisboa] : bJunta de Investigações do Ultramar, Centro de Estudos Políticos e Sociais, c1957 (fTip. Minerva) a394 p. ; c27 cm.1 aEstudos de ciências políticas e sociais ; v28 aContiene: Introduction, by M. M. Sarmento Rodrigues.Le mouvement d'émancipation dans les colonies, par J. Roussier.Les causes des mouvements d'autonomie en Afrique du Nord, par R. Le Tourneau. Las dependencias españolas, por J. Cordero Torres.Developments towards self-government in dependent territories of the United States, by H. Wells.Anti-colonialism in the United States, by E. Mondlane.Self-government movements in Australia and New Zealand in the nineteenth century, C. H. Currey. The expansion of the Portuguese in the overseas in the light of modern anthropology, by J. Dias. Universal and regional organizations in Africa, by J. Moreira da Silva Cunha. The South Pacific and Australia, by A. P. Elkin.-L'évolution politique des anciens territoires coloniaux néerlandais, par Van Helsdingen.Causes of the movements for autonomy and the inependence of Brazil, by H. Vianna. Anti-colonialism in the UNO, by A. Moreira. 7aColonialismo2embne9111491 aPortugal. bMinistério do Ultramar.962450 aEstudos de ciências políticas e sociais ; v29232135 aES-MaACLjP-776-Bis c94197d94197 00104070aATENEOMbATENEOMcDEPO2d2008-01-17eSCl0oP-776-Bisp1098383r2023-02-23 00:00:00w2023-02-23yMONOGRAFIA